MDQL
is popping MORE tags! Check the
thread
!
Quizzes
Events
Quiz Creation
Community
Videos
Private Events
Remove Ads
Sign In
Join for FREE
Feedback
Dark Mode
Quiz Categories
Sports
Geography
Music
Movies
Television
Just For Fun
Miscellaneous
History
Literature
Language
Science
Gaming
Entertainment
Religion
Holiday
For Kids
Quiz Lab
Recent
Popular Today
Quiz Kudos Today
Editor Picks
Curator Picks
Quizzes by...
Day
Popularity
Type
Ratings
Length
Year
Community
Subscriptions
Recent Discussions
Orange Saloon
Badges
Playlists
Quests
Create
Leaderboards
Showdown
Live 5
Trivia Bingo
Activity
Puzzle Library
Sporcle Events
Private Events
Virtual Trivia
Globe League
Become a Host
Pub Owners
SporcleCon
Opinionation
Our Games
Videos
Blog
Mobile Apps
Partnerships
Remove Ads and Go Orange
Feedback
Gaming
Video Games
Board Games
Card Games
Pokémon
Mario
Nintendo
Minecraft
Console
Toys
Legend of Zelda
Gaming
Video Games
Board Games
Card Games
Pokémon
Mario
Nintendo
Minecraft
Console
Toys
Legend of Zelda
Random Quiz
Search Sporcle
×
Quiz Lab
Quiz Lab
Gaming
Currency
Type in answers that appear in a list
Type in answers that appear in a list
Classic
Best Score? Go Orange.
Video Game Currencies Stats
Can you name the currencies of the following video games and series?
By
Salisa
4m
30 Questions
617 Plays
617 Plays
617 Plays
Comments
Comments
Give Quiz Kudos
Give Quiz Kudos
-
- Ratings
hide this ad
Replay
Link that replays current quiz
Next Quiz
Link to next quiz in quiz playlist
You Got
0%
They Got
Avg Score
23%
Avg Friend Score
Upgrade to see
Score Distribution
Jump to the score distribution portion of the page
Score
0/30
Timer
04:00
0
Plays Today
Game/Series
Currency
% Correct
Mario
Coins
94.5%
Sonic the Hedgehog
Rings
84.1%
Legend of Zelda
Rupees
70.3%
Final Fantasy
Gil
60%
Pokemon
Poke Dollars
46.2%
Diablo
Gold
43.4%
Fallout (1 & 3)
Caps
40.5%
Knights of the Old Republic
Credits
36.6%
The Sims
Simoleons
33.7%
Animal Crossing
Bells
31.6%
Bioshock
Dollars
31.3%
Ratchet and Clank
Bolts
30%
Kingdom Hearts
Munny
26.4%
Kid Icarus
Hearts
20.4%
Elder Scrolls
Septims
13.5%
Game/Series
Currency
% Correct
Megaman Legends/
Breath of Fire
Zenny
10.7%
Tales of
Gald
8.4%
Disgaea
Hell
5.7%
Phantasy Star
Meseta
5.2%
Beyond Good and Evil
Pearls
3.2%
Space Quest
Buckazoids
2.4%
Star Ocean
Fol
2.4%
Suikoden
Potch
2.4%
Wild Arms
Gella
2.3%
Dark Cloud
Gilda
2.1%
Advance Wars
Funds
2.1%
Oddworld
Moolah
2.1%
Seiken Densetsu
Lucre
1.5%
Ogre Battle
Goth
1.1%
Valkyrie Profile
Oth
0.5%
Quiz Playlist
Details
Report
Send in Message
Add To Playlist
Classic:
Type in answers that appear in a list
Last Updated: Feb 16, 2017
Quiz Scoreboard
CHALLENGE
Sign Up to Join the Scoreboard
Show All
Scores
Hide
Comments
May contain spoilers
Recently Published
Holiday 10x10 Sorting Gallery
by lukepisani3
Holiday
15m
Two Season TV Shows II
by 123Four
Television
10m
Image Sorting: Flags VI
by Barbecue
Geography
2m
More to Explore
Quiz From the Vault
Featured Blog Post
14 Easter Pick-up Lines to Find Eggs With
hide this ad
You Might Also Like...
Tags
Currency
Video
Today's Top Quizzes in Gaming
Browse Gaming
hide this ad
Today's Top Quizzes in Currency
Browse Currency
Top Contributed Quizzes in Gaming
1
League of Legends Pro Players by Career/Team History
2
Genshin Impact Logic Puzzle
3
Destiny 2 exotic weapons by perk icons
4
Genshin murder mystery
5
4x4 Decades: Video Games
6
Genshin Impact Logic Puzzle Quiz
7
Ultimate Genshin Impact Logic Puzzle (up to 4.3)
8
Dead By Daylight Logic Puzzle
9
Who's on the WWE 2K24 Cover?
10
Overwatch Logic Puzzle
Explore More
Trending Topics
Marvel
Kpop
Crossword
Disney
Harry Potter
NBA
Anime
The Office
NFL
WWE
Song
Country
Soccer
Pokémon
Puzzle
hide this ad
More By:
Salisa
Quiz
Plays
Rating
Category
Featured
Created
Greatest Guitar Solos (clips 25-13)
991
2.50
Music
Feb 28, 2010
Video Game Currencies
617
3.13
Gaming
Oct 26, 2009
Brain Age 1/2 Games
7
1.00
Gaming
Feb 14, 2010
Go to Creator's Profile
Score Distribution
Quiz Creator Spotlight
Salisa
Follow
Send a Message
Quizzes Created
-
Created Quiz Play Count
-
More By This Creator
Popular Quizzes Today
1
Find the US States - No Outlines Minefield
2
Colored Red Africa Blitz
3
Find the 'City' Movie
4
The Countries of the World
5
5x2 Blitz: Bands
6
Find the Countries of Europe - No Outlines Minefield
7
Find the US States
8
US States
More Gaming Quizzes
Current Minecraft Championship Games
Quiz Lab
Trending Quizzes
Colored Red Europe Blitz I
Colored Red Africa Blitz II
Colored Red Europe Blitz II
Even More Two Season TV Shows
Colored Red Africa Blitz III
Recently Updated
Odd Team Out - Big 4 Players
pecheneg
Quick Pick: 20 Twenties
pecheneg
March Madness Men's Triple Doubles
pecheneg
How Do You Spell That?
pecheneg
Godzilla Movies
pecheneg
Grab Bag: 4-10 Letters
pecheneg
2024 March Madness Bracket
pecheneg
Famous TV Couples
Peacemaker
Champions League XIs: Real Madrid
pecheneg
Largest US Cities 1790-2010
pecheneg
Trending Topics
Anime
Marvel
NBA
Harry Potter
Disney
Crossword
Kpop
The Office
WWE
Song
Pokémon
Puzzle
Country
Soccer
NFL
Your Account Isn't Verified!
In order to create a playlist on Sporcle, you need to verify the email address you used during registration. Go to your
Sporcle Settings
to finish the process.
Report this User
Report this user for behavior that violates our
Community Guidelines
.
Details:
Send Report
Go to the Sporcle.com Mobile Site →
Comments